| 000 | 01094cab a2200349 4500 | ||
|---|---|---|---|
| 001 | ABS60137 | ||
| 008 | 090401t1998 xxu||||| |||| 00| 0 eng d | ||
| 035 | _a(Sirsi) u91333 | ||
| 041 | _aeng | ||
| 100 | _aKarvel, G.R. | ||
| 245 | _aTechnology, demographics and education for tomorrow`s appraisers | ||
| 260 | _c1998 | ||
| 350 | _a0 | ||
| 490 |
_aThe Canadian Appraiser _v42(4) Winter 1998, 29-32(4) |
||
| 520 | _aDiscusses the ways the `Baby boomer` generation is affecting social trends in North America and Canada. Particularly looks at the housing market and information technology. | ||
| 650 | _aAGING POPULATION | ||
| 650 | _aAPPRAISAL PROFESSION | ||
| 650 | _aBABY BOOMERS | ||
| 650 | _aCANADA | ||
| 650 | _aDEMOGRAPHICS | ||
| 650 | _aESTATE AGENCY | ||
| 650 | _aEXPERT SYSTEMS | ||
| 650 | _aFORECASTS | ||
| 650 | _aHOUSING DEMAND | ||
| 650 | _aMANAGEMENT-BUSINESS MANAGEMENT-INFORMATION MANAGEMENT | ||
| 650 | _aNORTH AMERICA | ||
| 650 | _aUNITED STATES | ||
| 690 | _aECONOMIC AND SOCIAL | ||
| 700 | _aMusli, T.A. | ||
| 942 | _n0 | ||
| 948 | _c16/02/1999 | ||
| 999 |
_c57960 _d57960 |
||